Manual de la acción de tutela / (Registro nro. 19031)
[ vista simple ]
| 000 -LEADER | |
|---|---|
| fixed length control field | 02216nam a2200301 a 4500 |
| 001 - CONTROL NUMBER | |
| control field | 1215808 |
| 005 - DATE AND TIME OF LATEST TRANSACTION | |
| control field | 20250331184421.0 |
| 007 - PHYSICAL DESCRIPTION FIXED FIELD--GENERAL INFORMATION | |
| fixed length control field | ta |
| 008 - FIXED-LENGTH DATA ELEMENTS--GENERAL INFORMATION | |
| fixed length control field | 090722s2009 ck gr 000 0dspa d |
| 015 ## - NATIONAL BIBLIOGRAPHY NUMBER | |
| National bibliography number | ck-2009-xxxx |
| 020 ## - INTERNATIONAL STANDARD BOOK NUMBER | |
| International Standard Book Number | 9789587099126 |
| 040 ## - CATALOGING SOURCE | |
| Original cataloging agency | CO-CtgCURN |
| Language of cataloging | spa |
| Transcribing agency | coctgcurn |
| 043 ## - GEOGRAPHIC AREA CODE | |
| Geographic area code | s-ck--- |
| 082 04 - DEWEY DECIMAL CLASSIFICATION NUMBER | |
| Classification number | 342.22 |
| Item number | R436 |
| Edition information | 19 |
| 100 1# - MAIN ENTRY--PERSONAL NAME | |
| Personal name | Restrepo Medina, Manuel Alberto. |
| 245 10 - TITLE STATEMENT | |
| Title | Manual de la acción de tutela / |
| Statement of responsibility, etc. | Manuel Alberto Restrepo Medina. |
| 250 ## - EDITION STATEMENT | |
| Edition statement | Edición Leonardo A. Archila Ruiz. |
| 260 ## - PUBLICATION, DISTRIBUTION, ETC. | |
| Place of publication, distribution, etc. | Bogotá : |
| Name of publisher, distributor, etc. | Intermedio, |
| Date of publication, distribution, etc. | 2009. |
| 300 ## - PHYSICAL DESCRIPTION | |
| Extent | 216 p. ; |
| Dimensions | 22 cm. |
| 490 1# - SERIES STATEMENT | |
| Series statement | Consultorio jurídico en casa |
| 520 8# - SUMMARY, ETC. | |
| Summary, etc. | La acción de tutela es un mecanismo jurídico que tiene como propósito primordial el amparo de los derechos fundamentales contemplados en la Carta Nacional. La Corte Constitucional, que es la entidad encargada de velar por la integridad y la supremacía de la Constitución, ha desarrollado una doctrina jurisprudencial alrededor del tema de la tutela contra providencias judiciales, la cual ha ido evolucionando a través del tiempo, estableciendo unas causales de procedibilidad, que ha dividido en dos, las genéricas y las específicas. Es importante conocer la evolución jurisprudencial que se ha dado en torno a la presente temática, puesto que la acción de tutela es un instrumento que tienen todos los ciudadanos para proteger sus derechos fundamentales. Asimismo se hace necesario indicar como la acción de tutela contra providencias judiciales puede llegar a vulnerar diversos principios fundamentales como son la seguridad jurídica, non bis in dem, celeridad y autonomía e independencia judicial, y a su vez realizar un análisis comparativo con las posiciones que defienden la tutela contra sentencias, las cuales establecen que ésta no viola ninguno de los principios mencionados. |
| 650 14 - SUBJECT ADDED ENTRY--TOPICAL TERM | |
| Topical term or geographic name entry element | Acción de tutela |
| Geographic subdivision | Colombia |
| Form subdivision | Manuales. |
| 650 14 - SUBJECT ADDED ENTRY--TOPICAL TERM | |
| Topical term or geographic name entry element | Recurso de amparo (Derecho comparado) |
| Geographic subdivision | Colombia |
| Form subdivision | Manuales. |
| 700 1# - ADDED ENTRY--PERSONAL NAME | |
| Personal name | Archila R., Leonardo A, |
| Relator term | ed. |
| 942 ## - ADDED ENTRY ELEMENTS (KOHA) | |
| Institution code [OBSOLETE] | c |
| Koha item type | Libros |
| Classification part | 342.22 |
| Item part | R436 |
| Source of classification or shelving scheme | Dewey Decimal Classification |
| -- | c |
| Withdrawn status | Lost status | Source of classification or shelving scheme | Damaged status | Not for loan | Collection | Home library | Current library | Shelving location | Date acquired | Cost, normal purchase price | Inventory number | Total checkouts | Full call number | Barcode | Date last seen | Copy number | Price effective from | Koha item type | Public note |
|---|---|---|---|---|---|---|---|---|---|---|---|---|---|---|---|---|---|---|---|
| Dewey Decimal Classification | General | Miguel Henríquez Castañeda | Miguel Henríquez Castañeda | General | 42000.00 | 022544 | 342.22 R436 | 022544 | ej.1 | Libros | 340-DEREC | ||||||||
| Dewey Decimal Classification | General | Miguel Henríquez Castañeda | Miguel Henríquez Castañeda | General | 42000.00 | 022545 | 342.22 R436 | 022545 | ej.2 | Libros | 340-DEREC |